000 01526nam a2200385 a 4500
001 ebr10521812
003 CaPaEBR
006 m u
007 cr cn|||||||||
008 050321s2005 wauab sb 001 0 eng d
010 _z 2005008068
020 _z0295985399 (hardback : alk. paper)
020 _z9780295985398
020 _z9780295987620
020 _z9780295801162 (e-book)
040 _aCaPaEBR
_cCaPaEBR
035 _a(OCoLC)778432149
043 _aa-my---
050 1 4 _aKPH66.3
_b.D66 2005eb
082 0 4 _a340.5/2595/3
_222
100 1 _aDoolittle, Amity Appell.
245 1 0 _aProperty & politics in Sabah, Malaysia
_h[electronic resource] :
_bnative struggles over land rights /
_cAmity A. Doolittle.
246 3 _aProperty and politics in Sabah, Malaysia
260 _aSeattle :
_bUniversity of Washington Press,
_c2005.
300 _ax, 224 p. :
_bill., maps.
490 1 _aCulture, place, and nature
504 _aIncludes bibliographical references and index.
533 _aElectronic reproduction.
_bPalo Alto, Calif. :
_cebrary,
_d2013.
_nAvailable via World Wide Web.
_nAccess may be limited to ebrary affiliated libraries.
650 0 _aLand tenure
_xLaw and legislation
_zMalaysia
_zSabah.
650 0 _aAdat law
_zMalaysia
_zSabah.
655 7 _aElectronic books.
_2local
710 2 _aebrary, Inc.
830 0 _aCulture, place, and nature.
856 4 0 _uhttp://site.ebrary.com/lib/rucke/Doc?id=10521812
_zAn electronic book accessible through the World Wide Web; click to view
999 _c238261
_d238261